00325nam a2200121Ia 4500008004100000100004700041245002700088260003400115300000800149650002400157942000700181999001500188190216s9999||||xx |||||||||||||| ||und|| aChristopher J Moody & Gordon H Whitham 0aReactive Intermediates bOxford University Pressc1995 a90p aChemistry-Chemistry cBK c2984d2984